01050nam a2200253Ia 4500008004100000040003200041041000800073084001000081100004100091245024600132260002900378300002600407336001000433337002000443338001200463502009900475650001800574650003300592700000700625700004000632856005400672942005500726999001500781240904t2013||||xx |||||||||||||| ||und|| aODONTObspacODONTOdODONTO aspa aT2544 aGodoy De León, Richard Mynor99858 0aDescripción de conocimiento y tratamiento de lesiones ulcerativas orales y perio-orales conocidas como “fuego”, en el grupo étnico ladino, en personas mayores de 18 años ambos sexos, en la República de Guatemala en el año 2003. aGuatemala :bUSAC,c2013 a84p. :bil. ;c28 cm. atexto aSin mediación avolumen aTesis (Cirujano Dentista) -- Universidad de San Carlos de Guatemala, Facultad de Odontología aHerpes simple aInfecciones de la piel99860 ae aCalderón M., Mirna easesor99753 uhttp://www.repositorio.usac.edu.gt/id/eprint/1889 aBiblioteca Facultad de OdontologíacTESISkT2544 c3747d3747